|
|
|
|
| LEADER |
00000nam a2200000 a 4500 |
| 001 |
vtls001226434 |
| 003 |
SK-MaSNL |
| 005 |
20260301222940.0 |
| 008 |
240314s1996 xo a r slo |
| 015 |
|
|
|a SNBA1996/0702048
|
| 020 |
|
|
|a 8008016396
|
| 035 |
|
|
|a SNK000173435
|
| 035 |
|
|
|a urn:nbn:sk:snk-amlk8f
|
| 035 |
|
|
|a urn:nbn:sk:snk-am00bq06
|
| 035 |
|
|
|a 14AF80D9-FE8E-4948-B88F-6B9A3D39E099
|
| 040 |
|
|
|a SNK
|b slo
|c SNK
|e AACR2
|
| 041 |
0 |
|
|a slo
|
| 044 |
|
|
|a xo
|c SK
|
| 080 |
|
|
|a 372.880.854(075.2)(076.5)
|2 1981
|
| 100 |
1 |
|
|a Fekete, Zoltán
|4 aut
|9 9366
|
| 245 |
1 |
0 |
|a Pracovný zošit zo slovenského jazyka pre 7. ročník základnej školy s vyučovacím jazykom maďarským
|c [autori Zoltán Fekete, Mária Méryová, Lívia Orechová]
|
| 250 |
|
|
|a 4. vyd.
|
| 260 |
|
|
|a Bratislava
|b Slovenské pedagogické nakladateľstvo
|c 1996
|
| 300 |
|
|
|a 95 s.
|c 30 cm
|
| 500 |
|
|
|a Údaj o aut. prevzatý z rubu tit. strany
|
| 650 |
0 |
7 |
|a slovenčina
|2 SNK
|9 1350
|
| 655 |
|
7 |
|a učebnice
|2 SNK
|9 22521
|
| 700 |
1 |
|
|a Méryová, Mária
|4 aut
|9 45699
|
| 700 |
1 |
|
|a Orechová, Lívia
|4 aut
|9 46078
|
| 919 |
|
|
|a 80-08-01639-6
|
| 958 |
|
|
|a TL
|
| 958 |
|
|
|a UX
|
| 999 |
|
|
|c 941626
|d 943556
|
| 952 |
|
|
|t P60, <09>, [BOOK], {629}
|a SNK
|b SNK
|y NEVYP
|7 0
|o snkB 421
|i snk1381/960417
|0 0
|1 0
|4 0
|d 1996-04-15
|l 0
|r 2005-01-01 00:00:00
|w 2026-02-24
|
| 952 |
|
|
|t P60, <03>, [BOOK], {603}
|a SNK
|b SNK
|y PREZ
|7 0
|p 17A0003783
|o snkSB 55433
|i snkKSP 4221/96
|0 0
|1 0
|4 0
|d 1996-05-08
|f 1
|l 0
|r 2025-03-28 00:00:00
|w 2026-02-24
|
| 952 |
|
|
|t P60, <04>, [BOOK], {604}
|a SNK
|b SNK
|y VYP
|7 0
|p 17A0003784
|o snkSB 55433 D1
|i snkKSP 4222/96
|0 0
|1 0
|4 0
|d 1996-05-08
|l 0
|r 2005-01-01 00:00:00
|w 2026-02-24
|